00605nam a2200217 a 4500001001300000003000900013005001700022008004100039020001000080082001800090100001900108245009400127260003400221300000900255500003500264505001800299650002900317650002200346700001100368700000800379nice12345678IN_TiNIC20260116011322.0050729s1952 oxfa grc 000 0 iwg  ac10000a492.4321bBRO aBrown, Francis aHebrew and English Lexicon of the Old Testament, Based on the Lexicon of William Gesenius aOxfordbClarendon Pressc1952 a1126 aincludes index and biblioraphy2 aAbbreviations aOld Testament-Dictionary aHebrew-Dictionary1 aDriver1 aS R